<?xml version="1.0" encoding="UTF-8"?>
<record
    xmlns:xsi="http://www.w3.org/2001/XMLSchema-instance"
    xsi:schemaLocation="http://www.loc.gov/MARC21/slim http://www.loc.gov/standards/marcxml/schema/MARC21slim.xsd"
    xmlns="http://www.loc.gov/MARC21/slim">

  <leader>01430    a2200217   4500</leader>
  <controlfield tag="001">53324</controlfield>
  <controlfield tag="005">20260407155807.0</controlfield>
  <controlfield tag="008">260407a1981    arg                 spa d</controlfield>
  <controlfield tag="003">AR-UNSa-BCEJYS</controlfield>
  <datafield tag="040" ind1=" " ind2=" ">
    <subfield code="a">AR-UNSa-BCEJYS</subfield>
    <subfield code="b">spa</subfield>
    <subfield code="c">AR-UNSa-BCEJYS</subfield>
  </datafield>
  <datafield tag="080" ind1=" " ind2=" ">
    <subfield code="a">330.567.2</subfield>
    <subfield code="x">Gastos. Consumo. Ahorro. Econom&#xED;a de los particulares</subfield>
  </datafield>
  <datafield tag="245" ind1="1" ind2="0">
    <subfield code="a">Ahorro y pr&#xE9;stamo para la vivienda</subfield>
    <subfield code="p">Financiamiento y ajuste monetario</subfield>
  </datafield>
  <datafield tag="264" ind1=" " ind2="1">
    <subfield code="a">Buenos Aires :</subfield>
    <subfield code="b">Ediciones Macchi</subfield>
    <subfield code="c">1981</subfield>
  </datafield>
  <datafield tag="300" ind1=" " ind2=" ">
    <subfield code="a">211 p.</subfield>
    <subfield code="c">22 cm.</subfield>
  </datafield>
  <datafield tag="505" ind1=" " ind2=" ">
    <subfield code="a">1. La filosof&#xED;a en el problema de la vivienda - 2. Las sociedades de ahorro y pr&#xE9;stamo - 3. El spread, la inflaci&#xF3;n y el canje - 4. La demanda de vivienda - 5. Evoluci&#xF3;n de prestamos y dep&#xF3;sitos de las AAP(1968-1987) - 6. El sistema de ahorro y pr&#xE9;stamo de los Estados Unidos - 7. El sistema de ahorro y pr&#xE9;stamo en la Argentina - 8. La funci&#xF3;n socio-econ&#xF3;mica de las sociedades de ahorro y pr&#xE9;stamo - 9. Objetivos del trabajo - 10. El marco te&#xF3;rico-conceptual - 11. El marco institucional - 12. An&#xE1;lisis microecon&#xF3;mico de las sociedades de ahorro y pr&#xE9;stamo como intermediarios financieros - 13. Resumen del estado actual del sistema desde la perspectiva micro y macro-financiera - 14. El futuro del sistema. Resumen y conclusiones</subfield>
  </datafield>
  <datafield tag="942" ind1=" " ind2=" ">
    <subfield code="c">BK</subfield>
  </datafield>
  <datafield tag="590" ind1=" " ind2=" ">
    <subfield code="a">niveau_biblio:m niveau_hierar:0</subfield>
  </datafield>
  <datafield tag="100" ind1="1" ind2=" ">
    <subfield code="a">Ribas, Armando P.</subfield>
  </datafield>
  <datafield tag="700" ind1="1" ind2=" ">
    <subfield code="a">L&#xF3;pez Santiso, Horacio</subfield>
  </datafield>
  <datafield tag="700" ind1="1" ind2=" ">
    <subfield code="a">Messuti, Domingo Jorge</subfield>
  </datafield>
  <datafield tag="999" ind1=" " ind2=" ">
    <subfield code="c">5180</subfield>
    <subfield code="d">5180</subfield>
  </datafield>
  <datafield tag="952" ind1=" " ind2=" ">
    <subfield code="0">0</subfield>
    <subfield code="1">0</subfield>
    <subfield code="4">0</subfield>
    <subfield code="7">0</subfield>
    <subfield code="a">BCEJYS</subfield>
    <subfield code="b">BCEJYS</subfield>
    <subfield code="c">16</subfield>
    <subfield code="d">2026-04-07</subfield>
    <subfield code="l">0</subfield>
    <subfield code="o">330.567.2 R482</subfield>
    <subfield code="p">L39004</subfield>
    <subfield code="r">2026-04-07 15:58:07</subfield>
    <subfield code="w">2026-04-07</subfield>
    <subfield code="y">L</subfield>
  </datafield>
  <datafield tag="952" ind1=" " ind2=" ">
    <subfield code="0">0</subfield>
    <subfield code="1">0</subfield>
    <subfield code="4">0</subfield>
    <subfield code="7">0</subfield>
    <subfield code="a">BCEJYS</subfield>
    <subfield code="b">BCEJYS</subfield>
    <subfield code="c">16</subfield>
    <subfield code="d">2026-04-07</subfield>
    <subfield code="l">0</subfield>
    <subfield code="o">330.567.2 R482</subfield>
    <subfield code="p">L39003</subfield>
    <subfield code="r">2026-04-07 15:58:07</subfield>
    <subfield code="w">2026-04-07</subfield>
    <subfield code="y">L</subfield>
  </datafield>
</record>
